| 000 | 00611nam a2200229 a 4500 | ||
|---|---|---|---|
| 005 | 20140310183512.0 | ||
| 008 | 101014s19uu xx 00 eng d | ||
| 020 | _a9780335234424 | ||
| 050 |
_aLB 1049 _b.Ul8 2010 |
||
| 245 | _aThe Ultimate study skills handbook. | ||
| 260 |
_aNew York : _bMcGraw Hill Education, _c2010. |
||
| 300 |
_a224 p.: _bill. ; _c27 cm. |
||
| 521 | _aEDU | ||
| 650 | _aStudy skills-handbook. | ||
| 700 | _aMoore, Sarah | ||
| 700 | _aNeville, Colin | ||
| 700 | _aMurphy, Maura | ||
| 700 | _aConnoly, Cornelia | ||
| 942 |
_cBK _2lcc _kFOR |
||
| 999 |
_c24200 _d24200 |
||